000 00628nam a2200181 i 4500
001 83429
003 ES-MaACL
005 20231212062537.0
007 t|
008 041116s1971 sp ||||1| spa d
100 1 _aIrigaray, Angel.
_965464
245 1 0 _aNoticias y viejos textos de la "lingua navarrorum" /
_cA. Apat-Echebarne, seud. ; prólogo de Julio Caro Baroja.
260 _a[San Sebastián] :
_bSociedad Guipuzcoana de Ediciones y Publicaciones,
_c[1971]
300 _a260 p., 4 lám. ;
_c20 cm.
700 1 _aCaro Baroja, Julio,
_d1914-1995
_935403
852 _aES-MaACL
_jC-44829
_bR.80729
999 _c83429
_d83429